[Event "IECG QN.2001.0.00202"]
[Site "IECG email"]
[Date "2001.11.15"]
[Round "?"]
[White "Nielsen, Chris"]
[Black "Varas, Pablo"]
[Result "1/2-1/2"]
[WhiteElo "800"]
[BlackElo "800"]
[PlyCount "36"]
[EventDate "2001.11.15"]
[EventType "tourn (corr)"]
[EventRounds "6"]
[SourceTitle "Corr 2008"]
[Source "ChessBase"]
[SourceDate "2008.06.24"]
[SourceVersion "1"]
[SourceVersionDate "2008.06.24"]
[SourceQuality "1"]

1. e4 e5 2. Nc3 Nf6 3. Bc4 Nc6 4. Nf3 Bc5 5. 0-0 d6 6. d3 Nd4 7. Nxd4 Bxd4 8. Bg5 c6 9. Qf3 0-0 10. Ne2 Bxb2 11. Rab1 Bd4 12. Nxd4 exd4 13. Bxf6 Qxf6 14. Qxf6 gxf6 15. a4 Re8 16. f4 b6 17. f5 Re5 18. Rf4 Ra5 1/2-1/2